Catalog

Record Details

Catalog Search



Native American wisdom : a spiritual tradition at ... Read More

Jacobs, Alan.(Added Author).
Series: Sacred wisdom

Available copies

  • 1 of 1 copy available at LARL/NWRL Consortium. (Show)
  • 1 of 1 copy available at Lake Agassiz Regional Library.

Current holds

0 current holds with 1 total copy.

Show Only Available Copies
Location Call Number / Copy Notes Barcode Shelving Location Status Due Date
Barnesville Public Library 299.7 NAT (Text) 33500010108553 Main Available -

Record details

  • ISBN: 9781905857869
  • ISBN: 1905857861
  • Physical Description: vi, 186 p. ; 16 cm.
  • Publisher: London : Sacred Wisdom, 2008.

Content descriptions

Formatted Contents Note:
Anishinaabeg -- Apache -- Blackfoot -- Cherokee -- ... Read More
Subject: Indians of North America > Religion > Literary collections.
Wisdom > Religious aspects.
Nature > Religious aspects.
LDR 01492cam a2200289K 4500
001104778
003LARL_NWRL_CONSORTIUM
00520090528115152.0
008080816s2009 xx 000 0 eng d
020 . ‡a9781905857869
020 . ‡a1905857861
035 . ‡a(OCoLC)244064125
092 . ‡a299.7 ‡bN21398
24500. ‡aNative American wisdom : ‡ba spiritual tradition at one with nature / ‡cedited by Alan Jacobs ; introduction by Mick Gidley.
260 . ‡aLondon : ‡bSacred Wisdom, ‡c2008.
300 . ‡avi, 186 p. ; ‡c16 cm.
4900 . ‡aSacred wisdom
5050 . ‡aAnishinaabeg -- Apache -- Blackfoot -- Cherokee -- Cheyenne -- Chilliwack -- Chinook -- Coast Salish -- Cochiti -- Comanche -- Creek -- Eskimo -- Hopi -- Iroquois -- Kiowa -- Kwakiutl -- Lenni Lenape -- Luiseño -- Navajo -- Nez Percé -- Ojibwa -- Omaha -- Onondaga -- Osage -- Paiute -- Papago -- Passamaquoddy -- Pawnee -- Pequot -- Pima -- Potawomi -- Seneca -- Shawnee -- Sioux -- Snehyttens -- Suquamish -- Tewa -- Tlingit -- Wabanaki -- Winnebago -- Yuma -- Zuñi.
650 0. ‡aIndians of North America ‡xReligion ‡vLiterary collections.
650 0. ‡aWisdom ‡xReligious aspects. ‡0(LARL_NWRL_CONSORTIUM)34527
650 0. ‡aNature ‡xReligious aspects. ‡0(LARL_NWRL_CONSORTIUM)26594
7001 . ‡aJacobs, Alan. ‡0(LARL_NWRL_CONSORTIUM)186153
901 . ‡a104778 ‡bOCLC ‡c104778 ‡tbiblio

Additional Resources